Materials and Design: The Art and Science of Material Selection in Product Design (Record no. 370264)
[ view plain ]
| 000 -LEADER | |
|---|---|
| fixed length control field | 00936nam a2200217 4500 |
| 005 - DATE AND TIME OF LATEST TRANSACTION | |
| control field | 20260217160713.0 |
| 008 - FIXED-LENGTH DATA ELEMENTS--GENERAL INFORMATION | |
| fixed length control field | 260203b |||||||| |||| 00| 0 eng d |
| 020 ## - INTERNATIONAL STANDARD BOOK NUMBER | |
| International Standard Book Number | 9780080982052 |
| 041 ## - LANGUAGE CODE | |
| Language code of text/sound track or separate title | English |
| 082 ## - DEWEY DECIMAL CLASSIFICATION NUMBER | |
| Classification number | 745.4 |
| Item number | ASH |
| 100 ## - MAIN ENTRY--PERSONAL NAME | |
| Author | Ashby Mike |
| 245 ## - TITLE STATEMENT | |
| Title | Materials and Design: The Art and Science of Material Selection in Product Design |
| 250 ## - EDITION STATEMENT | |
| Edition statement | 3rd |
| 260 ## - PUBLICATION, DISTRIBUTION, ETC. | |
| Place of publication, distribution, etc. | London |
| Name of publisher, distributor, etc. | Elsevier |
| Date of publication, distribution, etc. | 2014 |
| 300 ## - PHYSICAL DESCRIPTION | |
| Extent | 389 |
| 365 ## - TRADE PRICE | |
| Price amount | 3936.07 |
| Currency code | Rs.00 |
| 520 ## - SUMMARY, ETC. | |
| Summary, etc. | CHAPTER 1. Introduction<br/>CHAPTER 2 What Influences Product Design?<br/>CHAPTER 3 Materiality, Design, and Creativity<br/>CHAPTER 4 Materials: The Stuff That Surrounds Us<br/>CHAPTER 5 Manufacturing: Shaping, Joining, and Surfaces<br/>CHAPTER 6 Form Follows Material<br/>CHAPTER 7. Material Selection<br/>CHAPTER 8 Materials and Sustainability<br/>CHAPTER 9 New Materials<br/>CHAPTER 10 Conclusions<br/><br/> |
| 650 ## - SUBJECT ADDED ENTRY--TOPICAL TERM | |
| Topical term or geographic name entry element | Design |
| 700 ## - ADDED ENTRY--PERSONAL NAME | |
| Personal name | Johnson Kara |
| 942 ## - ADDED ENTRY ELEMENTS (KOHA) | |
| Koha item type | Books |
| Withdrawn status | Lost status | Source of classification or shelving scheme | Damaged status | Not for loan | Home library | Current library | Date acquired | Vendor | Net Price | Bill number | Total Checkouts | Full call number | Barcode | Date last seen | Discount | Actual Price | Bill Date | Koha item type |
|---|---|---|---|---|---|---|---|---|---|---|---|---|---|---|---|---|---|---|
| Dewey Decimal Classification | School of Fashion Technology | School of Fashion Technology | 30/01/2026 | Design Book Studio | 3936.07 | 280 | 745.4 ASH | SOFT-BK-4914 | 03/02/2026 | 33% | 5874.73 | 12/12/2025 | Books |